France : 5 plus grandes villes par régions - Statistiques

Statistiques générales
  • Ce quiz a été pris 295 fois
  • Le résultat moyen est 43 sur 60
Statistiques - réponses
Région Population Ville % Correct
Hauts-de-France 239 000 Lille
98%
Île-de-France 2 114 000 Paris
98%
Nouvelle Aquitaine 265 000 Bordeaux
96%
Provence-Alpes-Côte d'Azur 877 000 Marseille
96%
Auvergne Rhône-Alpes 521 000 Lyon
95%
Provence-Alpes-Côte d'Azur 354 000 Nice
95%
Bretagne 228 000 Rennes
95%
Grand Est 292 000 Strasbourg
95%
Bretagne 141 000 Brest
94%
Pays de la Loire 325 000 Nantes
93%
Occitanie 511 000 Toulouse
93%
Bourgogne-Franche-Comté 160 000 Dijon
88%
Normandie 109 000 Caen
86%
Normandie 175 000 Le Havre
86%
Occitanie 307 000 Montpellier
85%
Centre Val de Loire 116 000 Orléans
84%
Auvergne Rhône-Alpes 173 000 Saint-Étienne
84%
Grand Est 122 000 Metz
83%
Auvergne Rhône-Alpes 148 000 Clermont-Ferrand
81%
Hauts-de-France 87 000 Dunkerque
81%
Auvergne Rhône-Alpes 156 000 Grenoble
81%
Normandie 111 000 Rouen
81%
Provence-Alpes-Côte d'Azur 180 000 Toulon
81%
Grand Est 104 000 Nancy
80%
Pays de la Loire 158 000 Angers
79%
Pays de la Loire 55 000 La Roche-sur-Yon
78%
Île-de-France 149 000 Saint-Denis
78%
Bretagne 65 000 Quimper
77%
Centre Val de Loire 139 000 Tours
77%
Occitanie 150 000 Nîmes
76%
Grand Est 178 000 Reims
76%
Hauts-de-France 135 000 Amiens
75%
Bretagne 58 000 Lorient
75%
Occitanie 121 000 Perpignan
73%
Pays de la Loire 145 000 Le Mans
72%
Nouvelle Aquitaine 80 000 La Rochelle
71%
Hauts-de-France 100 000 Roubaix
69%
Grand Est 105 000 Mulhouse
68%
Nouvelle Aquitaine 130 000 Limoges
67%
Bourgogne-Franche-Comté 120 000 Besançon
66%
Auvergne Rhône-Alpes 162 000 Villeurbanne
66%
Nouvelle Aquitaine 79 000 Pau
65%
Bretagne 55 000 Vannes
65%
Provence-Alpes-Côte d'Azur 148 000 Aix-en-Provence
64%
Provence-Alpes-Côte d'Azur 92 000 Avignon
64%
Nouvelle Aquitaine 89 000 Poitiers
61%
Bourgogne-Franche-Comté 35 000 Auxerre
56%
Hauts-de-France 99 000 Tourcoing
56%
Centre Val de Loire 64 000 Bourges
55%
Occitanie 81 000 Béziers
52%
Pays de la Loire 73 000 Saint-Nazaire
51%
Normandie 51 000 Évreux
49%
Centre Val de Loire 47 000 Blois
47%
Centre Val de Loire 43 000 Châteauroux
47%
Bourgogne-Franche-Comté 46 000 Belfort
46%
Île-de-France 107 000 Argenteuil
44%
Île-de-France 120 000 Boulogne-Billancourt
44%
Île-de-France 111 000 Montreuil
41%
Bourgogne-Franche-Comté 45 000 Chalon-sur-Saône
27%
Normandie 81 000 Cherbourg-en-Cotentin
24%
Aucun quiz correspondant
Distribution des résultats
% des personnes avec chaque résultat
Percentile par nombre de réponses
Votre historique - résultats
Vous n’avez pas pris ce quiz